000 00560nam a22002417a 4500
003 UA-OsUOA
001 24158
007 ta
008 20040209b un ||||| |||| 00| 0 ukr d
100 _aБэлза И.
090 _a78.071
_bБ97
942 _cBK
040 _aUA-OsUOA
_brus
_cUA-OsUOA
_dUA-OsUOA
245 _aАлександр Николаевич Скрябин
300 _a174 с.
955 _a0
041 _arus
080 _a78.071
260 _aМосква
_bМузыка
_c1989
044 _aRU
650 7 _2UDC
999 _c310423
_d310423